[Event "TUR-chT 2nd League"]
[Site "Konya"]
[Date "2022.08.28"]
[Round "9.13"]
[White "Lale, Omer Faruk"]
[Black "Firinciogullari, Gurdal"]
[Result "1/2-1/2"]
[WhiteElo "1764"]
[BlackElo "1647"]
[PlyCount "63"]
[EventDate "2022.08.22"]
[EventType "team-swiss"]
[EventRounds "9"]
[EventCountry "TUR"]
[SourceTitle "CBM 210 Extra"]
[Source "ChessBase"]
[SourceDate "2022.11.30"]
[SourceVersion "1"]
[SourceVersionDate "2022.11.30"]
[SourceQuality "1"]
[WhiteTeam "Konya Erkin"]
[BlackTeam "Karaman Tabduk Emre"]
[WhiteTeamCountry "TUR"]
[BlackTeamCountry "TUR"]

1. e4 d5 2. exd5 Qxd5 3. Nc3 Qd8 4. Bc4 Nf6 5. d4 e6 6. Nge2 Be7 7. 0-0 0-0 8. Ng3 h6 9. a3 Nbd7 10. Bb3 Re8 11. Re1 Nf8 12. Nce4 Nxe4 13. Nxe4 b6 14. c3 Bb7 15. Ng3 a5 16. Be3 Bd6 17. Qd2 Bxg3 18. hxg3 Bd5 19. Bxd5 Qxd5 20. Qe2 Ng6 21. Qf3 Qxf3 22. gxf3 Ne7 23. Rad1 Nd5 24. Rd3 Rad8 25. Red1 Nxe3 26. fxe3 Kf8 27. Kf2 Ke7 28. d5 Rxd5 29. Rxd5 exd5 30. Rxd5 Rd8 31. Rxd8 Kxd8 32. e4 1/2-1/2

[Event "TUR-chT 2nd League"]
[Site "Konya"]
[Date "2022.08.23"]
[Round "3.5"]
[White "Kaptan, Emre Akin"]
[Black "Lale, Omer Faruk"]
[Result "1/2-1/2"]
[WhiteElo "1861"]
[BlackElo "1764"]
[PlyCount "65"]
[EventDate "2022.08.22"]
[EventType "team-swiss"]
[EventRounds "9"]
[EventCountry "TUR"]
[SourceTitle "CBM 210 Extra"]
[Source "ChessBase"]
[SourceDate "2022.11.30"]
[SourceVersion "1"]
[SourceVersionDate "2022.11.30"]
[SourceQuality "1"]
[WhiteTeam "Sakarya Satranc"]
[BlackTeam "Konya Erkin"]
[WhiteTeamCountry "TUR"]
[BlackTeamCountry "TUR"]

1. e4 c6 2. d4 d5 3. exd5 cxd5 4. c4 Nf6 5. Nc3 e6 6. Nf3 Nc6 7. c5 Be7 8. Bb5 0-0 9. Bxc6 bxc6 10. Ne5 Bb7 11. 0-0 Nd7 12. Bf4 Nxe5 13. Bxe5 f6 14. Bg3 e5 15. Re1 Re8 16. b4 a5 17. b5 cxb5 18. Nxb5 Rc8 19. Rc1 exd4 20. Bd6 Ba6 21. Na7 Rc7 22. Bxc7 Qxc7 23. Qxd4 Qxa7 24. Qxd5+ Kf8 25. c6 Qc7 26. Qf5 h6 27. a4 Rd8 28. Qe4 Bb4 29. Red1 Re8 30. Qh7 Bc8 31. Qd3 Bg4 32. f3 Bc8 33. Qb5 1/2-1/2

[Event "TUR-chT 2nd League"]
[Site "Konya"]
[Date "2022.08.23"]
[Round "2.14"]
[White "Lale, Omer Faruk"]
[Black "Cetinoglu, Mesut"]
[Result "1-0"]
[WhiteElo "1764"]
[BlackElo "1194"]
[PlyCount "53"]
[EventDate "2022.08.22"]
[EventType "team-swiss"]
[EventRounds "9"]
[EventCountry "TUR"]
[SourceTitle "CBM 210 Extra"]
[Source "ChessBase"]
[SourceDate "2022.11.30"]
[SourceVersion "1"]
[SourceVersionDate "2022.11.30"]
[SourceQuality "1"]
[WhiteTeam "Konya Erkin"]
[BlackTeam "Altin Hamle Corum"]
[WhiteTeamCountry "TUR"]
[BlackTeamCountry "TUR"]

1. e4 c6 2. d4 d5 3. Nc3 dxe4 4. Nxe4 Nf6 5. Ng3 Bg4 6. f3 Bd7 7. Bd3 e6 8. N1e2 Be7 9. c3 Qc7 10. Qb3 b5 11. 0-0 a5 12. a3 Na6 13. f4 0-0 14. Kh1 c5 15. Bxb5 Bxb5 16. Qxb5 Rfb8 17. Qc4 Nd5 18. f5 Bh4 19. dxc5 Qxc5 20. Qxh4 Ne3 21. Bxe3 Qxe3 22. b4 Rc8 23. f6 Qe5 24. fxg7 Qxg7 25. Nh5 Qg6 26. Rf6 Qd3 27. Qg5+ 1-0

[Event "TUR Cup"]
[Site "Adapazari"]
[Date "2022.03.29"]
[Round "7"]
[White "Baltaci, Ismail Tarik"]
[Black "Lale, Omer Faruk"]
[Result "1/2-1/2"]
[WhiteElo "2020"]
[BlackElo "1771"]
[PlyCount "163"]
[EventDate "2022.03.25"]
[EventType "swiss"]
[EventRounds "11"]
[EventCountry "TUR"]
[SourceTitle "EXT 2023"]
[Source "ChessBase"]
[SourceDate "2022.10.05"]
[SourceVersion "1"]
[SourceVersionDate "2022.10.05"]
[SourceQuality "1"]

1. e4 c5 2. Nc3 e6 3. f4 d5 4. exd5 exd5 5. Bb5+ Bd7 6. Qe2+ Be7 7. Nxd5 Nc6 8. Nf3 a6 9. Bxc6 Bxc6 10. Nxe7 Nxe7 11. 0-0 0-0 12. Ne5 Re8 13. Qf2 f6 14. Ng4 Nf5 15. a4 h5 16. Ne3 Nxe3 17. dxe3 Qd5 18. Ra3 c4 19. Qf3 Qf5 20. Qh3 Qxc2 21. Rc3 Qe4 22. a5 Rad8 23. Qf3 Qf5 24. Qe2 Qd5 25. Re1 h4 26. Qxc4 h3 27. gxh3 Re4 28. Qxd5+ Rxd5 29. Kf2 Rh5 30. Kg3 Rxa5 31. Rd1 g5 32. Rd6 Kf7 33. Bd2 Rb5 34. Rcd3 gxf4+ 35. exf4 Re2 36. Bc3 Rg2+ 37. Kh4 Rf5 38. Rg3 Rxf4+ 39. Rg4 Rfxg4+ 40. hxg4 Rxh2+ 41. Kg3 Rg2+ 42. Kh4 Rf2 43. Rd2 Rf4 44. Rd4 Rf3 45. Rd6 Ke7 46. Rd4 Ke6 47. g5 fxg5+ 48. Kxg5 Bd5 49. Rf4 Rg3+ 50. Rg4 Rxc3 51. bxc3 a5 52. Kf4 a4 53. Ke3 a3 54. c4 Bc6 55. Kd4 a2 56. Rg1 b5 57. Re1+ Kd6 58. c5+ Kc7 59. Ra1 Bd7 60. Rxa2 Be6 61. Ra6 Bc4 62. Rf6 Kb7 63. c6+ Kb6 64. Ke5 Kc7 65. Kd4 Kb6 66. Rg6 Be2 67. Rf6 Bc4 68. Ke4 Bb3 69. Kd4 Bc4 70. Kc3 Bd5 71. Kb4 Bc4 72. Kc3 Kc7 73. Kd4 Kb6 74. Rg6 Bb3 75. c7+ Kxc7 76. Kc5 Bc4 77. Rg7+ Kd8 78. Kd6 Ke8 79. Ra7 Kf8 80. Ke5 Ke8 81. Kd6 Kf8 82. Re7 1/2-1/2

[Event "TUR-chT 2nd League"]
[Site "Konya"]
[Date "2019.07.24"]
[Round "4.10"]
[White "Lale, Omer Faruk"]
[Black "Sungu, Yagiz Kaan"]
[Result "0-1"]
[WhiteElo "1781"]
[BlackElo "1668"]
[PlyCount "58"]
[EventDate "2019.07.22"]
[EventType "team-swiss"]
[EventRounds "9"]
[EventCountry "TUR"]
[SourceTitle "CBM 191 Extra"]
[Source "ChessBase"]
[SourceDate "2019.09.30"]
[SourceVersion "1"]
[SourceVersionDate "2019.09.30"]
[SourceQuality "1"]
[WhiteTeam "Konya Erkin"]
[BlackTeam "Calli Spor"]
[WhiteTeamCountry "TUR"]
[BlackTeamCountry "TUR"]

1. e4 c5 2. Nf3 d6 3. Bb5+ Bd7 4. Bxd7+ Qxd7 5. Nc3 Nf6 6. d4 cxd4 7. Nxd4 g6 8. f3 Bg7 9. Be3 Nc6 10. Qd2 0-0 11. 0-0-0 Ne5 12. Bh6 Bxh6 13. Qxh6 Rfc8 14. Nde2 b5 15. h4 b4 16. Nb1 Qa4 17. Qd2 Rab8 18. a3 bxa3 19. Nxa3 Rb3 20. c3 Rcb8 21. Qd4 Rxa3 22. Qxa4 Rxa4 23. Nd4 Ra1+ 24. Kc2 Rxd1 25. Rxd1 Nc4 26. Rb1 Ne3+ 27. Kd2 Nxg2 28. b4 Nxh4 29. Re1 Rb7 0-1

[Event "TUR-chT 2nd League"]
[Site "Konya"]
[Date "2019.07.23"]
[Round "2.7"]
[White "Degirmenci, Yagiz"]
[Black "Lale, Omer Faruk"]
[Result "1-0"]
[WhiteElo "1923"]
[BlackElo "1781"]
[PlyCount "86"]
[EventDate "2019.07.22"]
[EventType "team-swiss"]
[EventRounds "9"]
[EventCountry "TUR"]
[SourceTitle "CBM 191 Extra"]
[Source "ChessBase"]
[SourceDate "2019.09.30"]
[SourceVersion "1"]
[SourceVersionDate "2019.09.30"]
[SourceQuality "1"]
[WhiteTeam "Mercan Egitim"]
[BlackTeam "Konya Erkin"]
[WhiteTeamCountry "TUR"]
[BlackTeamCountry "TUR"]

1. d4 Nf6 2. c4 e6 3. Nf3 b6 4. Nc3 Bb7 5. Bg5 d5 6. e3 Nbd7 7. cxd5 exd5 8. Ne5 c6 9. Bd3 Be7 10. 0-0 Nxe5 11. dxe5 Nd7 12. Bf4 Nc5 13. Bc2 Ne6 14. Ne2 Bc5 15. a3 b5 16. b4 Bb6 17. Bf5 g5 18. Bg3 h5 19. Bxe6 fxe6 20. Qd3 h4 21. Nd4 Rh6 22. h3 hxg3 23. fxg3 a5 24. Ra2 axb4 25. Raf2 Qe7 26. axb4 0-0-0 27. Qc3 Qc7 28. Rf7 Rh7 29. Rxc7+ Rxc7 30. Nxe6 d4 31. exd4 Rcd7 32. Rd1 Re8 33. Nc5 Rxe5 34. Nxd7 Kxd7 35. Kh2 Rd5 36. Qf3 Kc7 37. Qf8 Bc8 38. Ra1 Bxd4 39. Ra8 Bf5 40. Qb8+ Kd7 41. Qb7+ Kd6 42. Rd8+ Ke5 43. Qe7+ Be6 1-0

[Event "TUR-chT 2nd League"]
[Site "Konya"]
[Date "2019.07.22"]
[Round "1.16"]
[White "Lale, Omer Faruk"]
[Black "Unsacarer, Yigit"]
[Result "1-0"]
[WhiteElo "1781"]
[BlackElo "1417"]
[PlyCount "78"]
[EventDate "2019.07.22"]
[EventType "team-swiss"]
[EventRounds "9"]
[EventCountry "TUR"]
[SourceTitle "CBM 191 Extra"]
[Source "ChessBase"]
[SourceDate "2019.09.30"]
[SourceVersion "1"]
[SourceVersionDate "2019.09.30"]
[SourceQuality "1"]
[WhiteTeam "Konya Erkin"]
[BlackTeam "Maras Spor Kulubu"]
[WhiteTeamCountry "TUR"]
[BlackTeamCountry "TUR"]

1. e4 c6 2. d4 d5 3. Nc3 dxe4 4. Nxe4 Bf5 5. Ng3 Bg6 6. Nf3 Nf6 7. h4 h6 8. Bd3 Bxd3 9. Qxd3 e6 10. Bf4 Nbd7 11. 0-0-0 Be7 12. Kb1 a5 13. Ne4 Nxe4 14. Qxe4 Nf6 15. Qe2 Qb6 16. Ne5 a4 17. Nc4 Qd8 18. Be5 Ra6 19. g4 b5 20. Bxf6 Bxf6 21. Ne5 Qc7 22. g5 Bxe5 23. dxe5 a3 24. gxh6 Rxh6 25. b3 Qa5 26. Qd3 Qc7 27. f4 Ra8 28. Qe4 Rh5 29. Rd6 Rc8 30. Qf3 g6 31. Qg4 Qa5 32. Rxe6+ fxe6 33. Qxe6+ Kd8 34. Qd6+ Ke8 35. Qxg6+ Ke7 36. Qg7+ Ke8 37. e6 Rc7 38. Qg8+ Ke7 39. Rd1 Qc3 1-0

[Event "TUR-chT 2nd League"]
[Site "Konya"]
[Date "2018.07.22"]
[Round "9.6"]
[White "Lale, Omer Faruk"]
[Black "Demirag, Batuhan"]
[Result "0-1"]
[WhiteElo "1860"]
[BlackElo "1975"]
[PlyCount "62"]
[EventDate "2018.07.16"]
[EventType "team-swiss"]
[EventRounds "9"]
[EventCountry "TUR"]
[SourceTitle "EXT 2019"]
[Source "ChessBase"]
[SourceDate "2018.10.10"]
[SourceVersion "1"]
[SourceVersionDate "2018.10.10"]
[SourceQuality "1"]
[WhiteTeam "Konya Erkin"]
[BlackTeam "Mugla Ortaca Belediye"]
[WhiteTeamCountry "TUR"]
[BlackTeamCountry "TUR"]

1. e4 c5 2. Nf3 e6 3. d4 cxd4 4. Nxd4 a6 5. c4 Nf6 6. Nc3 Qc7 7. Bg5 Be7 8. Rc1 d6 9. Be2 Nbd7 10. 0-0 0-0 11. Kh1 b6 12. f4 Bb7 13. Bf3 Rfe8 14. f5 e5 15. Nd5 Qd8 16. Bxf6 Nxf6 17. Ne2 Nd7 18. Qb3 Bxd5 19. cxd5 Nc5 20. Qa3 Bg5 21. Rc2 b5 22. b4 Na4 23. Rc6 Nb6 24. Qa5 Nc4 25. Qxd8 Rexd8 26. Rd1 Rdc8 27. g3 Rxc6 28. dxc6 Rc8 29. h4 Bd2 30. a3 Rxc6 31. Ng1 Bc3 0-1

[Event "TUR-chT 2nd League"]
[Site "Konya"]
[Date "2018.07.19"]
[Round "6.9"]
[White "Lale, Omer Faruk"]
[Black "Azizoglu, Ayhan"]
[Result "1-0"]
[WhiteElo "1860"]
[BlackElo "1880"]
[PlyCount "57"]
[EventDate "2018.07.16"]
[EventType "team-swiss"]
[EventRounds "9"]
[EventCountry "TUR"]
[SourceTitle "EXT 2019"]
[Source "ChessBase"]
[SourceDate "2018.10.10"]
[SourceVersion "1"]
[SourceVersionDate "2018.10.10"]
[SourceQuality "1"]
[WhiteTeam "Konya Erkin"]
[BlackTeam "Hayat Genclik"]
[WhiteTeamCountry "TUR"]
[BlackTeamCountry "TUR"]

1. e4 d5 2. exd5 Nf6 3. d4 Bg4 4. Bb5+ Nbd7 5. f3 Bf5 6. c4 a6 7. Bxd7+ Qxd7 8. Nc3 0-0-0 9. Nge2 e6 10. 0-0 exd5 11. c5 h6 12. b4 g5 13. a4 Nh5 14. b5 Bxc5 15. dxc5 d4 16. Ne4 Bxe4 17. fxe4 d3 18. c6 Qd6 19. Bb2 dxe2 20. Qxe2 Nf4 21. Qg4+ f5 22. Qxf5+ Kb8 23. Bxh8 Rxh8 24. Rfd1 Qb4 25. Rab1 Qc3 26. b6 Qe3+ 27. Kh1 Qe2 28. bxc7+ Kxc7 29. Qd7+ 1-0

[Event "TUR Cup"]
[Site "Antalya"]
[Date "2017.01.31"]
[Round "5"]
[White "Emel, Erim Turgut"]
[Black "Lale, Omer Faruk"]
[Result "0-1"]
[WhiteElo "1609"]
[BlackElo "1914"]
[PlyCount "86"]
[EventDate "2017.01.28"]
[EventType "swiss"]
[EventRounds "11"]
[EventCountry "TUR"]
[SourceTitle "CBM 176 Extra"]
[Source "ChessBase"]
[SourceDate "2017.03.02"]
[SourceVersion "1"]
[SourceVersionDate "2017.03.02"]
[SourceQuality "1"]

1. e4 e5 2. Nf3 Nc6 3. Bc4 Be7 4. d4 exd4 5. Nxd4 d6 6. 0-0 Nf6 7. Nc3 0-0 8. h3 Bd7 9. Re1 Re8 10. Nd5 Ne5 11. Bb3 h6 12. f4 Nc6 13. c3 a6 14. g4 Nxd5 15. Bxd5 Bf6 16. g5 hxg5 17. fxg5 Bxd4+ 18. cxd4 g6 19. Rf1 Qe7 20. Rxf7 Qxf7 21. Bxf7+ Kxf7 22. Qf3+ Kg8 23. Be3 Rf8 24. Qg3 Rae8 25. Qh4 Rf3 26. Rf1 Rxe3 27. Qf4 R3xe4 28. Qf7+ Kh8 29. Qf6+ Kh7 30. Qf7+ Kh8 31. Qxg6 R4e7 32. Qh6+ Kg8 33. Rf6 Rh7 34. Qg6+ Rg7 35. Qh6 Nxd4 36. Rg6 Ree7 37. Rxg7+ Rxg7 38. Qf6 Nf3+ 39. Qxf3 Rxg5+ 40. Kh2 Bc6 41. Qb3+ Bd5 42. Qd3 Rg2+ 43. Kh1 Rd2+ 0-1

[Event "TUR Cup"]
[Site "Antalya"]
[Date "2017.01.29"]
[Round "3"]
[White "Can, Melih Kaan"]
[Black "Lale, Omer Faruk"]
[Result "1-0"]
[WhiteElo "2064"]
[BlackElo "1914"]
[PlyCount "116"]
[EventDate "2017.01.28"]
[EventType "swiss"]
[EventRounds "11"]
[EventCountry "TUR"]
[SourceTitle "CBM 176 Extra"]
[Source "ChessBase"]
[SourceDate "2017.03.02"]
[SourceVersion "1"]
[SourceVersionDate "2017.03.02"]
[SourceQuality "1"]

1. e4 e5 2. Nf3 Nc6 3. Bb5 a6 4. Ba4 Nf6 5. d4 Nxd4 6. Nxe5 Ne6 7. Nc3 Bb4 8. 0-0 Bxc3 9. bxc3 Nxe4 10. Qf3 Nf6 11. Ba3 c5 12. Rad1 Qc7 13. Rfe1 0-0 14. c4 Rb8 15. Bb3 d6 16. Ng4 Nxg4 17. Qxg4 f5 18. Qf3 Nd4 19. Qd5+ Qf7 20. Rxd4 cxd4 21. Bxd6 Qxd5 22. cxd5 Bd7 23. Bxb8 Rxb8 24. Re7 Rd8 25. f4 h6 26. Kf2 a5 27. a4 Kh7 28. Ke2 b5 29. Kd3 bxa4 30. Ba2 Kg6 31. Kxd4 Kf6 32. Re2 Rb8 33. c4 a3 34. g3 Rb4 35. Kc3 Ba4 36. c5 Bb5 37. Rd2 Ke7 38. d6+ Kd7 39. Bd5 g5 40. fxg5 hxg5 41. Rf2 f4 42. gxf4 Rxf4 43. Rxf4 gxf4 44. Kb3 a2 45. Kxa2 Bc6 46. Bc4 f3 47. Kb2 f2 48. Ka3 Bg2 49. h4 f1Q 50. Bxf1 Bxf1 51. h5 Bd3 52. Ka4 Kc6 53. Kxa5 Bf5 54. h6 Bh7 55. Kb4 Bg6 56. Kc4 Bf7+ 57. Kd4 Bg8 58. Ke5 Kd7 1-0